000 00302nam a22001337a 4500
008 170310b xxu||||| |||| 00| 0 eng d
020 _a0721664369
041 _aeng
080 _a616.5
100 _a7
101 _aSHM
245 _aATLAS OF SKIN DISEASES OF THE HORSE
_cMONTES, .LF
942 _2udc
_cBK
999 _c7474
_d7474